Pays ayant autant de lettres que leurs Capitales - Statistiques

Statistiques générales
  • Ce quiz a été pris 109 fois
    104 depuis la dernière actualisation
  • Le résultat moyen est 17 sur 37
Statistiques - réponses
Pays/Capitale % Correct
Luxembourg
79%
Japon
77%
Monaco
74%
Vatican
74%
Panama
71%
Saint-Marin
70%
Chine
69%
Finlande
69%
Canada
67%
Guatemala
66%
Koweït
59%
Maroc
59%
Russie
59%
Singapour
59%
Djibouti
57%
Portugal
56%
Togo
56%
Yémen
46%
Zambie
46%
Angola
39%
Estonie
37%
Ghana
37%
Syrie
36%
Taïwan
33%
Lituanie
31%
Roumanie
30%
Paraguay
27%
Nauru
24%
Gambie
23%
Moldavie
23%
Jamaïque
21%
Mauritanie
21%
Afrique du Sud
19%
Burkina Faso
19%
Rwanda
19%
Botswana
13%
Ouganda
11%
Aucun quiz correspondant
Distribution des résultats
% des personnes avec chaque résultat
Percentile par nombre de réponses
Votre historique - résultats
Vous n’avez pas pris ce quiz depuis la dernière actualisation